[Event "EU-ch 6th"]
[Site "Warsaw"]
[Date "2005.06.20"]
[Round "3"]
[White "Winants, Luc"]
[Black "Korneev, Oleg"]
[Result "1-0"]
[WhiteElo "2535"]
[BlackElo "2611"]
[Annotator "Finkel,A"]
[PlyCount "57"]
[EventDate "2005.06.18"]
[EventType "swiss"]
[EventRounds "13"]
[EventCountry "POL"]
[SourceTitle "CBM 108"]
[Source "ChessBase"]
[SourceDate "2005.09.26"]
[SourceVersion "1"]
[SourceVersionDate "2005.09.26"]
[SourceQuality "1"]

1. d4 d5 2. Bf4 c5 3. e4 $5 {Very unusual variation which leads to a very
complex play with mutual chances.} dxe4 4. d5 Nf6 5. Nc3 a6 (5... g6 6. Nb5 (6.
Qd2 Bg7 7. Bh6 O-O 8. Bxg7 Kxg7 9. Nge2 Na6 10. O-O-O Bg4 11. h3 Bxe2 12. Bxe2
Qa5 $15 {Sirnik,B-Susnik,M/Ljubljana 1998}) 6... Na6 7. d6 Bg4 8. f3 exf3 9.
gxf3 Bf5 10. Qd2 $44 {Toupalik,B-Spielmann,R/Prague 1912}) 6. Qe2 (6. a4 e6 (
6... g6 7. Bc4 Nbd7 8. Nge2 Nb6 9. Ba2 Bd7 10. a5 Nc8 11. Be5 Bg7 12. O-O Nd6
13. Ng3 O-O $13 {Daly,H-Bernstein,N/Omaha 1949}) 7. Bc4 exd5 8. Bxd5 Be7 9.
Bxe4 Qxd1+ 10. Rxd1 Nxe4 11. Nxe4 O-O 12. Ne2 Nc6 13. O-O {1/2-1/2 Vidmar,
M-Perlis,J/St Petersburg 1909}) 6... Bf5 $6 {This move is a minor inaccuracy
after which black has to play accurately to keep the balance. Much better way
to meet white's set up was introduced by Tregubov:} (6... e6 7. O-O-O Qa5 8. d6
Nc6 9. Kb1 e5 10. Bd2 Nd4 11. Qe1 Qb6 12. Bg5 Be6 13. Bxf6 gxf6 14. Nxe4 O-O-O
$15 {Winants,L-Tregubov,P/Warsaw 2005}) 7. O-O-O Nbd7 8. h3 {[%csl Re8,Rf8,Rh8]
[%cal Gg2g4,Gf1g2]} Qb6 {Black is not looking for an active counterplay, while
he should've since after a move in the game white easily gets an upper hand.} (
8... Qa5 $6 9. g4 Bg6 10. Bg2 O-O-O 11. f3 Nb6 12. fxe4 Na4 13. Rd3 e6 14. Nxa4
Qxa4 15. Ra3 Qb4 16. Bd2 $16 {Winants,L-Collas,D/France 2003}) (8... b5 $142 $5
9. f3 (9. g4 b4 10. Nb1 e5 11. Bg3 Bg6 12. Bg2 c4 $15) 9... exf3 10. Nxf3 b4
11. Nh4 $1 g6 (11... bxc3 $2 12. Nxf5 Qb6 13. Nd6+ Kd8 14. Nxf7+ Ke8 15. Nd6+
Kd8 16. Nc4 $18) 12. Nxf5 gxf5 13. Nb1 Qa5 $13) 9. g4 Bg6 10. f3 e5 (10... exf3
11. Nxf3 O-O-O 12. Bg2 e6 13. dxe6 Qxe6 14. Qxe6 fxe6 15. Rhe1 $14) 11. dxe6
fxe6 $6 {Another mistake after which there is no way back.} (11... Qxe6 $1 12.
g5 Nh5 13. Nd5 Qxd5 $5 (13... O-O-O) 14. Rxd5 Nxf4 15. Qd2 Nxd5 16. Qxd5 O-O-O
$132) 12. fxe4 e5 13. Bh2 $16 O-O-O 14. Nf3 Qe6 15. Nh4 Bf7 16. Bg2 c4 $6 {
[%csl Rc4]} (16... g6 $142 17. g5 Nh5 18. Nd5 Nf4 (18... h6 19. Qd2 hxg5 20.
Nf3 $16) 19. Qf3 Nxg2 20. Nxg2 h6 21. Rhf1 Rh7 22. Nge3 hxg5 23. Ng4 Bd6 $14)
17. Kb1 Bc5 18. Nf5 g6 19. Nh6 Be8 (19... Rhf8 $5 20. Rhf1 Ne8 21. Nd5 $16) 20.
Nd5 b5 21. Rhf1 Ng8 (21... Bf8 22. g5 Bxh6 23. gxf6 Kb7 24. Qe1 $1 $16 {
[%cal Ge1h4,Ge1a5]}) 22. Nxg8 Rxg8 23. g5 $1 {[%cal Gg2f3,Gf3g4]} Rf8 $6 (23...
Bf7 24. Bf3 Qc6 25. Bg4 Be6 26. Bg1 Kb8 27. Bxc5 Bxg4 28. Qxg4 Qxc5 29. Qe6 $18
{[%csl Ra6,Rb8,Re5][%cal Gf1f7]}) 24. Bf3 Bf7 25. Bg4 Qc6 26. Rf6 $1 $18 Qb7
27. Bxe5 Bxd5 28. Rxd5 Rfe8 (28... Be7 29. Qe3 Bxf6 30. Qc5+ $18) 29. Rxc5+ 1-0

[Event "EU-ch 4th"]
[Site "Istanbul"]
[Date "2003.06.05"]
[Round "6"]
[White "Moiseenko, Alexander"]
[Black "Hulak, Krunoslav"]
[Result "1/2-1/2"]
[WhiteElo "2627"]
[BlackElo "2563"]
[Annotator "Finkel,A"]
[PlyCount "57"]
[EventDate "2003.05.30"]
[EventType "swiss"]
[EventRounds "13"]
[EventCountry "TUR"]
[SourceTitle "CBM 096"]
[Source "ChessBase"]
[SourceDate "2003.09.25"]
[SourceVersion "1"]
[SourceVersionDate "2003.09.25"]
[SourceQuality "1"]

1. d4 Nf6 2. Bg5 d5 3. Nd2 c6 4. e3 Bf5 5. Bd3 $5 Bxd3 (5... Bg6 6. Ngf3 Nbd7
7. Qe2 (7. O-O Ne4 8. Bf4 e6 9. Ne5 Nxe5 10. Bxe5 f6 $11 {Fernandez Romero,
E-Suba,M/Seville 2002}) 7... Ne4 8. Bxe4 dxe4 9. Nh4 Qa5 10. Nxg6 hxg6 11. Bf4
O-O-O $13 {Opocensky,K-Jezek,J/Prague 1953}) 6. cxd3 Nbd7 (6... e6 7. Ngf3 h6
8. Bh4 Be7 9. O-O O-O 10. Ne5 Nfd7 11. Bxe7 Qxe7 $11 {Bae,T-Dannevig,O/
Kristiansund 2001}) 7. f4 {White is trying to build "stonewall", however an
absence of lightsquared bishops is definitly in black's favor. That's why
white has no chances to get anything out of the opening.} (7. Ngf3 e6 8. Ne5
Be7 9. O-O O-O 10. Ndf3 Ne8 11. Bxe7 Qxe7 12. Qb3 Nd6 13. a4 Nb8 14. Nd2 a5 15.
Qc3 f6 {1/2-1/2 Cichocki,A-Schmidt,W/Koszalin 1998/CBM 65 ext (15)}) 7... e6 8.
Ngf3 Be7 9. O-O O-O 10. e4 Ne8 {Black's pawn structure is extremly solid, so
he is not afraid of white's attempts to break through.} 11. Bxe7 Qxe7 12. Qb3
Rb8 13. Rae1 Nc7 14. f5 $6 {[%csl Rd3,Rd4] Too optimistic.} (14. Ne5 Nxe5 15.
dxe5 Qc5+ 16. Kh1 Rfd8 $13) 14... exf5 15. exf5 Qd6 16. Ne5 Nb5 (16... Nf6 17.
Ndf3 $36 {[%cal Gg2g5,Gf5f6]}) 17. Nxd7 Qxd7 18. f6 Qg4 (18... Nxd4 19. Qc3 Qg4
20. Nf3 Nxf3+ 21. Rxf3 g6 22. Re7 $36) 19. fxg7 Qxd4+ (19... Qxg7 $15) 20. Kh1
Rfe8 21. Nf3 Rxe1 22. Rxe1 Qf6 $6 (22... Qxg7 23. Re7 Qf6 24. Qb4 Nd4 $1 $17)
23. Qb4 Nd6 24. Re5 h6 (24... Kxg7 25. Qd4 Kf8 26. Rxd5 $11) 25. Qd4 Re8 26.
Rxd5 Qxd4 27. Rxd4 Re6 28. Kg1 Kxg7 29. Kf2 1/2-1/2

[Event "Asia-ch 4th"]
[Site "Doha"]
[Date "2003.02.23"]
[Round "2"]
[White "Torre, Eugenio"]
[Black "Sasikiran, Krishnan"]
[Result "0-1"]
[WhiteElo "2519"]
[BlackElo "2664"]
[Annotator "Finkel,A"]
[PlyCount "86"]
[EventDate "2003.02.22"]
[EventType "swiss"]
[EventRounds "9"]
[EventCountry "QAT"]
[SourceTitle "CBM 094"]
[Source "ChessBase"]
[SourceDate "2003.05.26"]
[SourceVersion "1"]
[SourceVersionDate "2003.05.26"]
[SourceQuality "1"]

1. d4 d5 2. Bg5 f6 $5 {Not a move you see a lot in the opening phase of the
game, however it makes a lot of sense since black is going to push e5 very
soon.} 3. Bd2 (3. Bh4) 3... Nc6 4. e3 e5 5. Bb5 $5 (5. dxe5 fxe5 6. c4 d4 7.
exd4 exd4 $13) 5... exd4 (5... Bd6 6. c4 dxc4 7. dxe5 fxe5 8. Bxc4 Nf6 9. Nc3
e4 10. f4 exf3 11. Nxf3 Ne5 12. Nxe5 Bxe5 $13 {Samovojska,D-Sveshnikov,E/Bled
1996}) 6. exd4 Be6 7. Ne2 Bd6 8. Nf4 Bf7 9. Qg4 (9. O-O Nge7 10. Qg4 Kf8 11. c3
Qc8 12. Qf3 h5 $5 13. h3 g5 14. Nd3 Kg7 $13) 9... Kf8 {The position is very
unusual and not an easy one to evaluate, nevertheless it seems that dedspite
of being deprived of a right to castle black has managed to solve an opening
problems.} 10. Bxc6 (10. c3 Qe7+ 11. Ne2 Re8 12. O-O a6 13. Bd3 Bg6 14. Nc1
Bxd3 15. Nxd3 Qe4 $13) 10... bxc6 11. O-O Qc8 12. Qxc8+ Rxc8 $13 13. Re1 (13.
Nc3 Ne7 14. Na4 Nf5 15. c3 h5 16. Nd3 g5 $15) 13... Ne7 14. Ne6+ Bxe6 (14...
Kg8 $5) 15. Rxe6 Kf7 16. Re1 Rb8 17. b3 {May be more accurate was} (17. Bc3 c5
18. dxc5 Bxc5 19. b3 Nf5 20. Nd2 Rhe8 21. Nf3 $11 {and white is doing fine,
but also after a move in the game white shouldn't face any problems.}) 17...
Nf5 18. Bc3 h5 19. Nd2 Bf8 $5 20. Nf3 (20. Nf1 g5 21. Ne3 Nd6 22. Bb2 g4 23.
Rac1 f5 $15) 20... g5 21. Re2 g4 22. Ne1 Bd6 $1 23. Nd3 h4 24. Rae1 (24. f3
gxf3 25. gxf3 h3 $17 {[%csl Rd4,Rf3][%cal Gf5h4,Gh8h4]}) 24... g3 $5 25. fxg3
$2 {Decisive mistake. After this move black rook gets very important square h4.
After correct 25.h3! the position whould have remained balanced since
straightforward 25...g:f2?! wasn't good for black} (25. h3 $1 gxf2+ $140 $6 26.
Rxf2 Ng3 27. Ne5+ Bxe5 28. dxe5 Ne4 29. Rxe4 (29. Rf3 $5) 29... dxe4 30. Rxf6+
Ke7 31. Rxc6 Kd7 32. Rc4 $16) 25... hxg3 26. h3 Rh4 $1 $17 {[%csl Rd4]} 27. Rf1
Nxd4 28. Ne5+ $6 Ke6 $1 $19 29. Rxf6+ $8 (29. Bxd4 fxe5 30. Bxa7 Ra8 $19) 29...
Kxf6 30. Nxc6 Kf7 31. Bxd4 (31. Nxd4 Bc5 32. Rd2 Rf4 $1 $19 {[%cal Gb8e8,Ge8e1]
}) 31... Re8 32. Rxe8 Kxe8 33. Bxa7 Re4 34. Kf1 Rf4+ 35. Ke2 Kd7 36. Na5 c5 {
[%cal Gf4f2]} 37. Nb7 Rf2+ 38. Kd3 Rxg2 39. Nxc5+ Bxc5 40. Bxc5 Rh2 41. Ke3
Rxc2 42. Bd4 Rxa2 43. Kf3 Ra3 0-1

[Event "Asia-ch 4th"]
[Site "Doha"]
[Date "2003.03.02"]
[Round "9"]
[White "Paragua, Mark"]
[Black "Ganguly, Surya Shekhar"]
[Result "0-1"]
[WhiteElo "2506"]
[BlackElo "2556"]
[Annotator "Finkel,A"]
[PlyCount "180"]
[EventDate "2003.02.22"]
[EventType "swiss"]
[EventRounds "9"]
[EventCountry "QAT"]
[SourceTitle "CBM 094"]
[Source "ChessBase"]
[SourceDate "2003.05.26"]
[SourceVersion "1"]
[SourceVersionDate "2003.05.26"]
[SourceQuality "1"]

1. d4 Nf6 2. Nf3 g6 3. Nc3 d5 4. Bf4 Bg7 5. e3 (5. Qd2) 5... O-O 6. Be2 c6 7.
h4 $5 {This move is hardly aimed to launch an attack against black king, but
to terrify black! It's very difficult for white to bring his major pieces to
the h-file evn if he manages to open it with h5 followed by h:g6.} Qb6 8. Rb1 (
8. a3 Bf5 (8... Bg4 9. Rb1 Nbd7 10. Ne5 Bxe2 11. Qxe2 Rfd8 12. Nxd7 Rxd7 $11 {
Verdier,P-Johansson,B/ICCF email 2000}) 9. b4 Ne4 10. Nxe4 Bxe4 11. Nd2 Bxg2
12. Rh2 Be4 13. Nxe4 dxe4 14. h5 Nd7 15. hxg6 hxg6 16. Bc4 $44 {Wesseln,
K-Giemsa,S/Germany 1997}) (8. Na4 Qa5+ 9. c3 Nbd7 10. Ne5 Nxe5 11. Bxe5 Ne4 12.
Bxg7 Kxg7 13. h5 $14 {Izeta Txabarri,F-Granero Roca,A/Linares 1998}) 8... c5 (
8... Bg4 9. Ne5 Bxe2 10. Qxe2 Nbd7 11. Qf3 Nxe5 12. Bxe5 Ne4 13. Nxe4 Bxe5 14.
Nc5 $5 Bd6 15. Nd3 $36 {Djurhuus,R-Moberg,K/Gausdal 1996}) (8... Nbd7 9. Ne5 h5
10. O-O Nxe5 11. Bxe5 Bf5 12. b4 Nd7 13. Bxg7 Kxg7 14. Bd3 Bxd3 15. cxd3 e6 16.
a4 {1/2-1/2 Chatalbashev,B-Nanu,C/Metz 2002}) 9. Be5 ({It was possible to play
} 9. h5 $5 {but as I previously mentioned black shouldn't feel threatened by
white's attempts and just play} Nc6 (9... Nxh5 $2 10. Nxd5 Qd8 11. Rxh5 $1 gxh5
12. Nc7 e5 13. Bxe5 Bxe5 14. Nxa8 Bg7 15. dxc5 Nd7 16. b4 $16) 10. hxg6 hxg6
11. dxc5 Qxc5 12. Nd4 e5 13. Nb3 Qd6 14. Bg5 Rd8 $132) 9... Be6 10. dxc5 Qxc5
11. Bd4 Qc7 12. h5 Nc6 ({There is no need to give white any chances by taking
on h5} 12... Nxh5 $6 13. Bxg7 Nxg7 (13... Kxg7 14. Qd4+ Nf6 15. Qh4 h5 16. Nd4
$36) 14. Ng5 Nc6 15. Nxh7 Rfd8 $132) 13. hxg6 hxg6 14. Nb5 Qd8 15. Bc3 (15. c3
Nxd4 16. Nbxd4 Bc8 $15) 15... Bg4 16. Bxf6 $6 {Admitting that his opening plan
didn't work out.} (16. Nbd4 Ne4 17. Nxc6 Nxc3 18. Nxd8 Nxd1 19. Nxf7 Nxe3 20.
fxe3 Rxf7 21. Ng5 Rf5 22. Bxg4 Rxg5 23. Be6+ Kf8 $11) 16... Bxf6 17. c3 e5 18.
Nh2 Bf5 $1 19. Bd3 (19. Rc1) 19... Bxd3 20. Qxd3 a6 21. Na3 e4 $15 22. Qe2 Ne5
23. Rd1 Nd3+ 24. Rxd3 {It's impossible to tolerate the knight on d3.} (24. Kf1
Qb6 25. Rd2 Kg7 $17) 24... exd3 25. Qxd3 Qd7 26. O-O Kg7 27. Rd1 Qe6 28. Nc2 (
28. Qxd5 Rad8 29. Qf3 Qxa2 30. Ng4 Rxd1+ 31. Qxd1 Bxc3 32. bxc3 Qxa3 33. Qd4+
f6 $19) 28... Rh8 29. Nf1 Rad8 30. Nb4 Rh5 31. Qe2 Be5 32. Nd3 Rdh8 33. f4 Rh1+
34. Kf2 Bd6 (34... Bf6) 35. Qf3 Rd8 36. Ke2 Rhh8 (36... Qe4 $6 37. Qxe4 dxe4
38. Nf2 $15) 37. Nd2 b6 38. Nb3 Qe4 $6 {Without the queens it's very difficult
to break through since white has no weaknesses in his camp, so black shouldn't
hurry with this trade.} 39. Nf2 Qxf3+ 40. Kxf3 Be7 41. Nd3 a5 42. a4 $6 {
[%csl Ra4]} (42. a3 $1 $15) 42... Bf6 43. Nf2 Rhe8 44. Nc1 (44. Rd3 Re6 45. g3
Rc6 46. Nd2 $15) 44... Re6 45. Ne2 (45. Nb3 $5) 45... Rc6 46. Ng4 Rc4 47. b3
Rcc8 {[%csl Rc3]} (47... Rc5 48. Nxf6 Kxf6 49. Rd3 Rh8 50. Rd1 $15) 48. Rd3 Rc5
49. Ne5 $2 (49. Nxf6 $15) 49... Bxe5 50. fxe5 Rdc8 51. b4 Rc4 52. Rxd5 axb4 53.
cxb4 Rxb4 54. Rd7 Re8 $17 55. Rd4 Rxd4 56. exd4 f6 57. exf6+ Kxf6 58. Nf4 Kf7
59. Nd3 $6 (59. Nd5 Rb8 (59... Ra8 $6 60. Nxb6 Ra6 61. Nd7 Rxa4 62. Ne5+ Kf6
63. Ke4 $15) 60. Ke4 Ke6 61. Nf4+ Kd6 62. Nxg6 Ra8 $17) 59... Ra8 60. Nb2 Rc8
61. Nd3 Ke6 62. Ke4 g5 63. Ne5 Rc1 64. d5+ Kd6 65. Nf7+ Kc5 66. d6 Kc6 $1 67.
Kf5 Kd7 $1 $19 68. Nxg5 (68. Kxg5 Ke6 69. d7 Kxd7 70. g4 Ra1 71. Kf6 Rxa4 72.
g5 Rf4+ 73. Kg6 b5 $19) 68... Kxd6 69. Ne4+ Ke7 70. Ke5 Rc4 71. Nf6 Rc5+ 72.
Nd5+ Kd7 73. Kd4 Kc6 74. Nb4+ Kd6 75. g4 Ra5 76. Kc4 Rg5 77. Nd3 Rxg4+ 78. Kb5
Kc7 79. Nb4 Rg5+ 80. Kc4 Rc5+ 81. Kb3 Kb7 82. Nd3 Rh5 83. Kb4 Kc6 84. Kb3 Rh4
85. Nb4+ Kc5 86. Na6+ Kd5 87. Nb4+ Kd4 88. a5 bxa5 89. Nc6+ Kc5 90. Nxa5 Kb5 (
90... Kb5 91. Nb7 Rd4 $1 $19 {[%csl Rb7][%cal Gd4d7]}) 0-1

[Event "Sigeman & Co 11th"]
[Site "Malmo"]
[Date "2003.05.08"]
[Round "9"]
[White "Hansen, Sune Berg"]
[Black "Sutovsky, Emil"]
[Result "1/2-1/2"]
[WhiteElo "2537"]
[BlackElo "2652"]
[Annotator "Finkel,A"]
[PlyCount "83"]
[EventDate "2003.04.29"]
[EventType "tourn"]
[EventRounds "9"]
[EventCountry "SWE"]
[EventCategory "13"]
[SourceTitle "CBM 095"]
[Source "ChessBase"]
[SourceDate "2003.07.25"]
[SourceVersion "1"]
[SourceVersionDate "2003.07.25"]
[SourceQuality "1"]

1. d4 Nf6 2. Nf3 g6 3. Nc3 d5 4. Bf4 Bg7 5. e3 (5. Qd2 Ne4 6. Nxe4 dxe4 7. Ne5
O-O $13) 5... Bg4 6. Be2 c6 7. Ne5 Bxe2 8. Qxe2 Nh5 9. h4 (9. Bg5 Nd7 (9... f6
10. g4 fxe5 11. gxh5 h6 12. Bh4 g5 13. Bg3 exd4 14. exd4 Bxd4 15. Qd3 Bf6 16.
O-O-O $44 {Murshed,N-Hakki,I/Doha 1992}) 10. g4 (10. f4 f6 11. Nxd7 Qxd7 12.
Bh4 f5 13. O-O O-O 14. Kh1 Rac8 15. Na4 b6 16. c4 c5 $15 {Abdulla,A-Krakops,M/
Elista 1998}) 10... Bxe5 11. gxh5 Bf6 12. h4 Qb6 13. O-O-O O-O-O 14. f4 Rde8
15. hxg6 hxg6 $11 {Murshed,N-Thipsay,P/Calcutta 1986}) (9. O-O-O e6 10. h4 Nxf4
11. exf4 Nd7 12. h5 Qf6 13. g3 O-O-O 14. Rd3 Nb6 15. Nd1 Kb8 16. Ne3 Qe7 $13 {
Hort,V-Sokolov,I/Biel 1988}) 9... Nd7 $6 {Very dubious decision. White bishop
is pretty strong so trading it seems to be a good deal for black.} (9... Nxf4
10. exf4 h5 11. O-O-O Nd7 12. Kb1 e6 13. g3 Bxe5 14. fxe5 Qa5 15. Rhe1 b5 16.
Qe3 Qb6 17. Ne2 a5 $13 {Miguel Aparicio,F-Kasparov,G/Lima 1993}) 10. Bh2 $1 {
White says "thank you" and keeps the bishop alive!} Nhf6 11. O-O-O Ne4 (11...
h5 12. Kb1 (12. e4 Nxe4 13. Nxe4 dxe4 14. Qxe4 Nf6 15. Qd3 Qd5 $13) 12... Qb6
13. e4 Nxe5 14. Bxe5 Nxe4 15. Nxe4 Bxe5 16. dxe5 dxe4 17. Qxe4 $14) 12. Nxe4
dxe4 13. h5 Qa5 ({Very dangerous for black is} 13... Nf6 14. d5 $5 cxd5 15.
Qb5+ Kf8 16. Bg3 Nxh5 17. Rxd5 Qc8 18. Bh4 $36 {and white's initiative is very
annoying.}) 14. Qc4 $6 {With this move white gives up his opening advantage.
Better was} (14. Nxd7 $5 Kxd7 15. h6 (15. Kb1 $5) 15... Bf6 (15... Bxh6 16. Be5
f6 17. Qg4+ $16) 16. Kb1 (16. Qg4+ $6 Qf5 17. Qg3 Rhc8 18. Kb1 Ke8 $13) 16...
Rhd8 17. f3 Qf5 18. fxe4 Qxe4 19. Rhf1 $14 {[%cal Gf1f4,Ge3e4] with idea to
push e4}) 14... Qd5 15. Qb3 Qxb3 16. axb3 a5 $11 {Once queens have been traded
black is out of danger.} 17. Bg3 a4 18. bxa4 Rxa4 19. c3 (19. b3 Ra1+ 20. Kd2
Rxd1+ 21. Kxd1 (21. Rxd1 Nxe5 22. Bxe5 Bxe5 23. dxe5 Kd7 24. Ke2+ Ke6 25. Rd4
Kxe5 26. Rd7 Ke6 27. Rxb7 gxh5 $13) 21... Nxe5 22. Bxe5 O-O 23. Bxg7 Kxg7 $11)
19... Bxe5 (19... Ra1+ $5) 20. dxe5 (20. Bxe5 Nxe5 21. dxe5 Ra5 22. e6 O-O $11)
20... Nc5 21. Kc2 O-O 22. Bh4 $1 $14 ({Nothing promised} 22. Rd4 b5 23. Bh4 Re8
24. hxg6 (24. Bxe7 $6 Rxd4 25. cxd4 Rxe7 26. hxg6 (26. dxc5 Rxe5 27. b4 Rf5 $17
) 26... Nd7 27. gxh7+ Kh8 $15) 24... hxg6 25. f3 Nd3 $13 {and black is doing
fine.}) 22... Nd3 23. Ra1 Rfa8 24. Rxa4 Rxa4 25. Bxe7 Nxf2 (25... Ra2 $2 26.
Ba3 $18) 26. Rh4 Nd3 (26... f5 27. exf6 g5 28. f7+ Kxf7 29. Bxg5 Nd3 30. Kb1
Ra5 31. Bd8 $14) 27. hxg6 fxg6 28. e6 h5 29. Kb3 b5 30. g4 c5 $1 (30... hxg4
31. Rxg4 Kg7 32. Bd6 c5 33. e7 c4+ 34. Kc2 Ra8 35. Rxe4 Kf7 36. b3 Rc8 37. bxc4
bxc4 38. Bc7 $1 $16) 31. gxh5 c4+ 32. Kc2 Ra1 $1 {[%cal Gd3e1,Ge1f3]} 33. Rg4
$6 (33. hxg6 $2 Ne1+ 34. Kd2 Nf3+ 35. Kc2 Nxh4 36. Bxh4 Kg7 $19) (33. Rxe4 $1
gxh5 (33... Rc1+ 34. Kd2 Rg1 35. Bh4 Rg2+ 36. Kd1 Kf8 37. h6 $18) 34. Bd6 Ra8
35. e7 Kf7 36. b3 Rc8 37. bxc4 bxc4 38. Bc7 $1 $16) 33... Rc1+ 34. Kd2 Rd1+ $1
35. Kxd1 (35. Ke2 Re1+ $11) 35... Nf2+ 36. Ke2 Nxg4 37. hxg6 Kg7 $11 38. Bc5
Kxg6 39. Kf1 Kf5 40. e7 Nf6 41. Kg2 Kg4 42. Bd4 1/2-1/2

[Event "HUN-ch 55th"]
[Site "Kazincbarcika"]
[Date "2005.05.11"]
[Round "2"]
[White "Cao, Sang"]
[Black "Varga, Zoltan"]
[Result "1/2-1/2"]
[WhiteElo "2488"]
[BlackElo "2515"]
[Annotator "Finkel,A"]
[PlyCount "93"]
[EventDate "2005.05.10"]
[EventType "tourn"]
[EventRounds "9"]
[EventCountry "HUN"]
[EventCategory "12"]
[SourceTitle "CBM 107"]
[Source "ChessBase"]
[SourceDate "2005.08.01"]
[SourceVersion "1"]
[SourceVersionDate "2005.08.01"]
[SourceQuality "1"]

1. d4 d5 2. Bg5 f6 3. Bf4 c5 4. e3 Nc6 5. Nf3 cxd4 {It's interesting to
mention that this awkward line was played on quite a few occasions. It's
obvious that Black shouldn't have any problems.} (5... g5 $5 6. Bg3 h5 7. h3
Nh6 8. c3 Qb6 9. Qc1 Nf5 10. Bd3 c4 11. Bc2 Nxg3 12. fxg3 Qc7 13. Kf2 e6 $15 {
Kornev,A-Sveshnikov,E/Samara 2000}) (5... Bf5 6. Bd3 Qd7 7. Nc3 g5 8. Bg3 Bxd3
9. Qxd3 c4 10. Qe2 e6 11. e4 O-O-O 12. h3 Bb4 $13 {Sucher,J-Schmittdiel,E/
Austria 2001}) (5... Qb6 6. Nc3 e6 7. Nb5 Qa5+ 8. c3 Kf7 9. Bc7 b6 10. dxc5
Bxc5 11. a3 {1-0 Nguyen,N-Banusz,T/Budapest 2004}) (5... Bg4 6. Be2 e6 7. O-O
Bd6 8. Bxd6 Qxd6 9. Nbd2 Nge7 10. dxc5 Qxc5 11. Nb3 Qd6 12. Nfd4 Bxe2 13. Qxe2
a6 $11 {Hoang,T-Hocevar,N/Budapest 2004}) 6. exd4 Bg4 7. Be2 Qb6 (7... e6 8. c3
Bd6 9. Bg3 Nge7 10. Nh4 Bxe2 11. Qxe2 Kf7 12. O-O g5 13. Nf3 Ng6 14. Nbd2 h5
$15 {Akobian,V-Popov,V/Novgorod 1999}) 8. Nbd2 O-O-O {Taking either of the
pawns would be too dangerous for black.} (8... Nxd4 9. Nxd4 Qxd4 10. Bb5+ Bd7
11. Bxd7+ Kxd7 12. Be3 Qxb2 13. c4 $36 {[%csl Rd7]}) 9. O-O e6 10. c4 $5 Bxf3
$6 {This move can't be correct. It was better to play} (10... Nge7 11. cxd5
exd5 12. Nb3 g5 13. Be3 Kb8 14. Rc1 h5 $13 {with complicated struggle.}) 11.
Nxf3 dxc4 12. Bxc4 $2 {White should've taken care of the pawn on d4 before he
takes on c4:} (12. Qc2 $1 Bd6 (12... Nxd4 13. Qxc4+ Qc6 14. Nxd4 Qxc4 15. Bxc4
Rxd4 16. Bxe6+ Kd8 17. Rfd1 Rxd1+ 18. Rxd1+ Ke8 19. Rd7 $18) 13. Be3 $1 $16)
12... e5 13. Bg3 (13. Be3 exd4 14. Bd2 Bb4 15. Rc1 Bxd2 16. Qxd2 Kb8 $15) 13...
Nxd4 14. Nxd4 Rxd4 15. Qc2 Ne7 16. Kh1 {[%cal Gf2f4]} (16. Rfd1 Rxd1+ 17. Rxd1
Nc6 18. Bd5 Be7 19. Qf5+ Kb8 20. Qe6 Bc5 21. Bxc6 Qxc6 22. Qxc6 bxc6 23. Rd7
$15) 16... Nc6 17. f4 {White's compensation is sufficient for no more than
equality.} exf4 $6 (17... Qc7) 18. Bxf4 Bd6 $8 19. Be3 Kb8 20. Bxd4 Nxd4 21.
Qd3 Be5 22. Rad1 (22. b3 $5) 22... Qxb2 23. Rd2 (23. Qe4 {[%csl Rb7][%cal
Gd1b1,Gb1b7]} Nb5 24. Bxb5 (24. Rb1 Qd4 $1 $132) 24... Qxb5 25. Qg4 g6 26. Rb1
Qc6 27. Rfc1 $14) 23... Qb6 24. Rb1 (24. Qe4 $5) 24... Qc6 25. Ba6 b6 26. Rdd1
Ne6 {[%cal Ge6c5]} 27. Rbc1 (27. Bb5 Qc7 28. a4 $16) 27... Nc5 28. Rxc5 $2 Qxc5
29. Qe4 Qc7 30. Be2 $44 a5 (30... Rd8 31. Rxd8+ Qxd8 32. Bf3 Qd7 33. Qa8+ Kc7
34. Qxa7+ Kd8 35. Qxb6+ $11) 31. Bf3 Ka7 32. g3 g6 33. Qd5 Rb8 (33... h5) 34.
a4 Re8 35. Kg2 h5 36. Rc1 Qe7 37. Rd1 Rc8 38. Qb5 Qe6 39. Rd7+ $11 Rc7 40.
Rxc7+ Bxc7 41. Qc6 Qxc6 42. Bxc6 g5 43. h3 Be5 44. g4 h4 45. Bb5 Kb7 46. Be8
Kc7 47. Bb5 1/2-1/2